|
|
|
|
| LEADER |
01152nam a22002537a 4500 |
| 001 |
AAL9744 |
| 003 |
BD-DhAAL |
| 005 |
20181107102724.0 |
| 008 |
181107s 2015B ||||| |||| 00| 0 B d |
| 999 |
|
|
|c 40269
|d 40269
|
| 020 |
|
|
|a 9789849145639
|
| 040 |
|
|
|a BD-DhAAL
|c BD-DhAAL
|
| 082 |
|
|
|a 891.444
|
| 100 |
|
|
|a রহমান, টিএস
|9 28735
|
| 245 |
|
|
|a ভবঘুরের বঙ্গদর্শন /
|c টিএস রহমান
|
| 260 |
|
|
|a ঢাকা :
|b একুশে বাংলা প্রকাশন,
|c ২০১৫
|
| 300 |
|
|
|a ৬৩ পৃ. ;
|c ২২ সে.মি.
|
| 541 |
|
|
|e ৯৭৪৪
|
| 650 |
|
|
|a বাংলা রচনাবলী
|9 28736
|
| 650 |
|
|
|a Bengali essay
|9 28737
|
| 852 |
|
|
|a Savar Campus Library
|c General Shelf
|
| 942 |
|
|
|2 ddc
|c BK
|
| 952 |
|
|
|0 0
|1 0
|2 ddc
|4 0
|6 891_444000000000000_RAH
|7 0
|9 64656
|a SCL
|b SCL
|c GEN
|d 2018-11-07
|e Gift: T.S. Rahman
|g 130.00
|l 0
|o 891.444 RAH
|p 3020009744
|r 2018-11-07
|t 1
|w 2018-11-07
|y BK
|
| 952 |
|
|
|0 0
|1 0
|2 ddc
|4 0
|6 891_444000000000000_RAH
|7 0
|9 64657
|a SCL
|b SCL
|c GEN
|d 2018-11-07
|e Gift: T.S. Rahman
|g 130.00
|l 1
|m 1
|o 891.444 RAH
|p 3020009745
|r 2019-02-03
|s 2019-01-22
|t 2
|w 2018-11-07
|y BK
|